Martine Sonnet, L’éducation des filles au temps des Lumières (notice n° 1599182)
[ vue normale ]
| 000 -LEADER | |
|---|---|
| fixed length control field | 00514cam a2200145 4500500 |
| 005 - DATE AND TIME OF LATEST TRANSACTION | |
| control field | 20251228081233.0 |
| 041 ## - LANGUAGE CODE | |
| Language code of text/sound track or separate title | fre |
| 042 ## - AUTHENTICATION CODE | |
| Authentication code | dc |
| 100 10 - MAIN ENTRY--PERSONAL NAME | |
| Personal name | Picco, Dominique |
| Relator term | author |
| 245 00 - TITLE STATEMENT | |
| Title | Martine Sonnet, L’éducation des filles au temps des Lumières |
| 260 ## - PUBLICATION, DISTRIBUTION, ETC. | |
| Date of publication, distribution, etc. | 2017.<br/> |
| 500 ## - GENERAL NOTE | |
| General note | 10 |
| 786 0# - DATA SOURCE ENTRY | |
| Note | Clio. Femmes, Genre, Histoire | 44 | 2 | 2017-05-01 | p. 340-340 | 1252-7017 |
| 856 41 - ELECTRONIC LOCATION AND ACCESS | |
| Uniform Resource Identifier | <a href="https://shs.cairn.info/revue-clio-femmes-genre-histoire-2016-2-page-340?lang=fr&redirect-ssocas=7080">https://shs.cairn.info/revue-clio-femmes-genre-histoire-2016-2-page-340?lang=fr&redirect-ssocas=7080</a> |
Pas d'exemplaire disponible.




Réseaux sociaux